00267nam a22000857a 4500008004100000082002100041245006700062260004400129300000800173230626b xxu||||| |||| 00| 0 eng d a328.33bKNA 1983 aKenya National Assembly bList of Members As on 1st April,1983 aNairobibKenya National Assembly c1983 a25p